000 00286nam a22001217a 4500
082 _a158
_bPRA/U
100 _aPRASAD,T.G.C
245 _aUNUSUAL PEOPLE DO THINGS DIFFERENTLY
260 _aINDIA
_bPENGUIN BOOKS
300 _a296
650 _aPERSONALITY DEVELOPMENT
_zINDIA
942 _cBK
999 _c5382
_d5382